Hide and Seek - Capitals #2 - Statistics

General Stats
  • This quiz has been taken 14 times
  • The average score is 11 of 13
Answer Stats
Answer % Correct
Bogota
100%
Lima
100%
Caracas
92%
Quito
92%
Santiago
92%
Asunción
85%
Brasilia
85%
Buenos Aires
85%
Montevideo
85%
Sucre/La Paz
85%
They're all capitals of South American countries.
85%
Georgetown
69%
Paramaribo
69%
No matching quizzes found
Score Distribution
Percent of People with Each Score
Percentile by Number Answered
Your Score History
You have not taken this quiz